000
00213nam a2200097Ia 4500
005
20251222114404.0
008
251222s1900||||xx |||||||||||||| ||spa||
082
_a
DVD0070/W79/2004
245
0
_a
Machuca:
942
_c
DVD
999
_c
1743
_d
1743